Garančný fond
Tento nový právny inštitút sa zavádza do právnej úpravy v súvislosti s ochranou zamestnancov pred platobnou neschopnosťou ich zamestnávateľa. Podľa novej právnej úpravy zákona č. 292/1999 Z.z., ktorým sa mení a dopĺňa zákon č. 387/1996 Z.z. o zamestnanosti, je zamestnávateľ povinný odvádzať príspevo...
Gespeichert in:
| 1. Verfasser: | |
|---|---|
| Format: | Buchkapitel |
| Sprache: | Slowakisch |
| Schlagworte: | |
| Tags: |
Keine Tags, Fügen Sie das erste Tag hinzu!
|
MARC
| LEADER | 00000naa a2200000 4500 | ||
|---|---|---|---|
| 001 | r038063 | ||
| 005 | 20230824105150.2 | ||
| 041 | 0 | |a slo | |
| 044 | |a SK | ||
| 245 | 1 | 0 | |a Garančný fond |c Zuzana Tekulová |
| 520 | |a Tento nový právny inštitút sa zavádza do právnej úpravy v súvislosti s ochranou zamestnancov pred platobnou neschopnosťou ich zamestnávateľa. Podľa novej právnej úpravy zákona č. 292/1999 Z.z., ktorým sa mení a dopĺňa zákon č. 387/1996 Z.z. o zamestnanosti, je zamestnávateľ povinný odvádzať príspevok do garančného fondu, čím sa poisťuje pre prípad, že sa stane platobne neschopným. Novela nadobudla účinnosť od 1.5.2000. Čo tvorí garančný fond. Nároky zamestnancov, ktoré sa uspokojujú z garančného fondu. Postup okresných úradov pri uspokojovaní nárokov z garančného fondu. | ||
| 610 | 2 | 0 | |a ochrana pracovníkov |
| 610 | 2 | 0 | |a fond garančný |
| 610 | 2 | 0 | |a fondy účelové |
| 610 | 2 | 0 | |a zamestnanci |
| 610 | 2 | 0 | |a zamestnávatelia |
| 610 | 2 | 0 | |a insolventnosť |
| 610 | 2 | 0 | |a zákony |
| 610 | 2 | 0 | |a Slovensko |
| 610 | 2 | 0 | |a právo pracovné |
| 610 | 2 | 0 | |a 1999 |
| 100 | 1 | |a Tekulová, Zuzana | |